| 000 | 00366nam a2200133Ia 4500 | ||
|---|---|---|---|
| 008 | 220217s9999||||xx |||||||||||||| ||und|| | ||
| 020 | _a9780070483743 | ||
| 082 | _a621 MAH | ||
| 100 | _aMahalik, Niraigour Premchand | ||
| 245 | 0 | _aMechatronics | |
| 260 |
_aTata mcgraw hill company Ltd _bNew Delhi _c2018 |
||
| 300 |
_aXX, 588p. _b960 |
||
| 650 | _aMECHANICHAL | ||
| 999 |
_c188875 _d188875 |
||